000 00423nam a2200145Ia 4500
008 231129s2010||||xx |||||||||||||| ||spa||
020 _a978-958-8392-16-5 (v
040 _bspa
082 _a342.861 V648h
100 _aVidal Perdomo Jaime
245 0 _aHistoria constitucional de Colombia
260 _c2010
264 _aEdiciones Academia Colombian de Jurisprudencia
942 _2ddc
_cBKS
999 _c15057
_d15057